000 00246nam a2200109Ia 4500
008 190216s9999||||xx |||||||||||||| ||und||
100 _aVic Phillips
245 4 _aThe Herein Merchants
260 _bMethuen & Co
650 _aEnglish
942 _cBK
999 _c13343
_d13343